000 00692cab a2200217 4500
001 WB2836-61
008 090401t1992 xxu||||| |||| 00| 0 eng d
035 _a(Sirsi) u12831
041 _aeng
245 _aTax exemption on asset sales
260 _c1992
350 _a0
490 _aFinancial Times
_v16 September 1992, 10(1)
520 _aThe Government has restated its determination that companies will continue to be exempt from capital gains tax on the sale of assets when they reinvest the proceeds in a related company.
650 _aCAPITAL GAINS TAX
650 _aROLL-OVER RELIEF
650 _aTAX EXEMPTIONS
690 _aTAXATION
942 _n0
948 _c04/03/1997
999 _c8228
_d8228